| 000 | 00550nam a22001697a 4500 | ||
|---|---|---|---|
| 008 | 230512b |||||||| |||| 00| 0 eng d | ||
| 040 |
_aNational Science Library _cNational Science Library |
||
| 080 |
_aR 575(038)=00 _bL0 |
||
| 245 |
_aGlossary of genetics: _bIn English, French, Spanish, Italian, German, Russian |
||
| 260 |
_aAmsterdam,: _bElsevier Pub. Co., _c1970 |
||
| 300 | _ax, 436p. | ||
| 490 | _aGlossaria interpretum | ||
| 650 | _aBiology | ||
| 653 | _aDictionaries | ||
| 700 | _aBiass-Ducroux,Françoise (Ed.) | ||
| 942 |
_2udc _cREF |
||
| 999 |
_c45550 _d45550 |
||